Statistics for Top 50 Countries With The Least Freedom

Click here to take the quiz!

General Stats

  • This quiz has been taken 157 times
  • The average score is 32 of 50

Answer Stats

ScoreCountry% Correct
6.15Russia
91%
5.51China
86%
4.53Iran
85%
5.63Pakistan
81%
5.02Iraq
80%
3.66Syria
80%
5.05Libya
79%
4.08Yemen
79%
4.92Somalia
77%
4.49Egypt
75%
5.92Oman
75%
5.12Saudi Arabia
75%
4.48Sudan
75%
5.87Laos
70%
6.09Qatar
70%
5.90Vietnam
70%
5.26Algeria
69%
5.60DR Congo
69%
6.28Mali
69%
6.41Niger
68%
5.79Turkey
68%
5.57Chad
67%
6.02United Arab Emirates
67%
4.01Venezuela
67%
6.39India
66%
5.73Bahrain
65%
5.95Ethiopia
65%
6.36Kuwait
65%
5.91Morocco
65%
5.78Myanmar
65%
6.25Nigeria
65%
6.46Cambodia
64%
5.62Central African Republic
62%
5.55Congo
62%
5.73Mauritania
60%
5.75Bangladesh
58%
6.32Uganda
58%
6.46Tunisia
56%
6.34Rwanda
55%
6.12Angola
53%
5.84Djibouti
53%
5.52Tajikistan
53%
6.16Azerbaijan
51%
5.04Burundi
51%
5.60Zimbabwe
50%
5.82Guinea
48%
5.63Cameroon
46%
6.24Nicaragua
36%
5.79Eswatini
34%
6.07Comoros
29%

Score Distribution

Percentile by Number Answered

Percent of People with Each Score

Your Score History

You have not taken this quiz